Normal view
MARC view
- Gray, Genetha A.,
Entry Personal Name
001 - CONTROL NUMBER
- control field: 30557
003 - CONTROL NUMBER IDENTIFIER
- control field: NUST
005 - DATE AND TIME OF LATEST TRANSACTION
- control field: 20200922155533.0
008 - FIXED-LENGTH DATA ELEMENTS
- fixed length control field: 200922|| aca||aabn | a|a d
040 ## - CATALOGING SOURCE
- Original cataloging agency: NUST
- Transcribing agency: NUST
100 ## - HEADING--PERSONAL NAME
- Personal name: Gray, Genetha A.,
670 ## - SOURCE DATA FOUND
- Source citation: Work cat.: (NUST)0: Gray, William G. (William Guerin), 1948- author. 30553, Introduction to environmental modeling /
